| 000 | 01088nam0a22002771 4500 | ||
|---|---|---|---|
| 001 | rc\413864 | ||
| 005 | 20030616170156.9 | ||
| 010 |
_a5-11-000241-X _95000 |
||
| 035 | _a(NLR Aleph) 005661661 | ||
| 090 |
_a6879607 _c6879607 |
||
| 100 | _a20030616d1988 u |0rusy50 ca | ||
| 101 | 0 | _arus | |
| 102 | _aRU | ||
| 105 | _aa ||||||||| | ||
| 200 | 1 |
_aОсновы научных исследований _eРадиоэлектроника _e[Учеб. пособие для радиотехн. спец. вузов] _fЭ.Ф. Бабуров, Э.Л. Куликов, В.К. Маригодов |
|
| 210 |
_aКиев _cВыща школа _d1988 |
||
| 215 |
_a229, [1] c. _cил. _d20 |
||
| 320 | _aБиблиогр.: с. 223-227 (73 назв.) | ||
| 700 | 1 |
_aБабуров _bЭ. Ф. _gЭдуард Федорович |
|
| 701 | 1 |
_aКуликов _bЭ. Л. _gЭдуард Леонидович |
|
| 701 | 1 |
_aМаригодов _bВ. К. _gВладимир Константинович |
|
| 801 | 0 |
_aRU _bNLR _gpsbo |
|
| 801 | 1 |
_aRU _bELAR _2rusmarc |
|
| 852 |
_aNLR _j88-3/6699 |
||
| 942 | _cBOOK | ||
| 980 | _aNB | ||